[Event "CHI-chT"]
[Site "Santiago de Chile"]
[Date "2019.09.26"]
[Round "3.3"]
[White "Palma Neira, Eliseo Maximiliano"]
[Black "Vigil, Lucas"]
[Result "0-1"]
[WhiteElo "2019"]
[BlackElo "2177"]
[PlyCount "82"]
[EventDate "2019.09.05"]
[EventType "team-swiss"]
[EventRounds "9"]
[EventCountry "CHI"]
[SourceTitle "CBM 193 Extra"]
[Source "ChessBase"]
[SourceDate "2020.01.31"]
[SourceVersion "1"]
[SourceVersionDate "2020.01.31"]
[SourceQuality "1"]
[WhiteTeam "Sertal II"]
[BlackTeam "Chile CC Z"]
[WhiteTeamCountry "CHI"]
[BlackTeamCountry "CHI"]

1. d4 Nf6 2. Nf3 g6 3. g3 Bg7 4. Bg2 d6 5. c4 Nc6 6. 0-0 Bg4 7. h3 Bd7 8. Nc3 Qc8 9. Kh2 h5 10. Bg5 Nh7 11. Be3 h4 12. gxh4 e5 13. dxe5 Nxe5 14. Nxe5 Bxe5+ 15. f4 Bg7 16. Bf2 Nf6 17. e4 Nh5 18. Bd4 Qd8 19. Bxg7 Nxg7 20. e5 Qxh4 21. Qe1 dxe5 22. Qxh4 Rxh4 23. Rae1 0-0-0 24. Rxe5 Be6 25. Nd5 c6 26. Ne7+ Kd7 27. f5 gxf5 28. Nxc6 bxc6 29. Ra5 Ke7 30. Rxa7+ Kf6 31. c5 Rd2 32. Kg3 Kg5 33. Kh2 Bd5 34. Rg1 f4 35. Re7 Nf5 36. Re8 Nh6 37. Re5+ f5 38. Rxd5 cxd5 39. Kh1 Ng4 40. Rc1 f3 41. c6 Rxg2 0-1

[Event "Villa Tehuelches Cuarto op"]
[Site "Villa Tehuelches"]
[Date "2018.07.12"]
[Round "4"]
[White "Bobadilla Viera, Jorge Samuel"]
[Black "Vigil, Lucas"]
[Result "1/2-1/2"]
[WhiteElo "2329"]
[BlackElo "2167"]
[PlyCount "49"]
[EventDate "2018.07.11"]
[EventType "swiss"]
[EventRounds "7"]
[EventCountry "CHI"]
[SourceTitle "EXT 2019"]
[Source "ChessBase"]
[SourceDate "2018.10.10"]
[SourceVersion "1"]
[SourceVersionDate "2018.10.10"]
[SourceQuality "1"]

1. d4 Nf6 2. c4 c5 3. Nf3 e6 4. Nc3 cxd4 5. Nxd4 Bb4 6. Qd3 Qa5 7. Bd2 Nc6 8. e4 Nxd4 9. Qxd4 Bc5 10. Qd3 Ng4 11. Nd1 Qb6 12. Qg3 f5 13. h3 Nf6 14. Qxg7 Rf8 15. Be2 Rf7 16. Qh8+ Rf8 17. Qg7 Rf7 18. Qh6 Nxe4 19. 0-0 Bf8 20. Qf4 Qd6 21. Qxd6 Bxd6 22. Be1 Bc5 23. Bh5 Ng3 24. Bxf7+ Kxf7 25. Nc3 1/2-1/2

[Event "Santiago IRT"]
[Site "Santiago de Chile"]
[Date "2017.04.14"]
[Round "2.2"]
[White "Vigil, Lucas"]
[Black "Obreque Dote, Francisco"]
[Result "1-0"]
[WhiteElo "2149"]
[BlackElo "1754"]
[PlyCount "83"]
[EventDate "2017.04.14"]
[EventType "swiss"]
[EventRounds "5"]
[EventCountry "CHI"]
[SourceTitle "EXT 2024"]
[Source "ChessBase"]
[SourceDate "2023.10.10"]
[SourceVersion "1"]
[SourceVersionDate "2023.10.10"]
[SourceQuality "1"]

1. d4 d5 2. c4 c6 3. Nc3 Nf6 4. Bg5 e6 5. e3 Nbd7 6. Nf3 Bd6 7. Qc2 0-0 8. cxd5 cxd5 9. Bd3 h6 10. h4 Qa5 11. Bxf6 Nxf6 12. g4 Nxg4 13. Ke2 e5 14. Bh7+ Kh8 15. dxe5 Nxe5 16. Nxe5 Bxe5 17. Bd3 Bg4+ 18. f3 Bh5 19. Qb3 d4 20. Qd5 Qxd5 21. Nxd5 dxe3 22. Kxe3 Rad8 23. Be4 Rfe8 24. Kf2 Bd4+ 25. Kg2 Rc8 26. Bd3 f6 27. Nf4 Bf7 28. Be4 Bxb2 29. Rab1 Be5 30. Rxb7 Bxa2 31. Ng6+ Kg8 32. Rxa7 Bf7 33. Ne7+ Rxe7 34. Rxe7 Rd8 35. Rf1 Kf8 36. Rb7 Be6 37. f4 Rd2+ 38. Kf3 Bd4 39. f5 Bf7 40. Rc1 Bh5+ 41. Kf4 Rf2+ 42. Kg3 1-0

[Event "Buenos Aires FASGBA op"]
[Site "Buenos Aires"]
[Date "2015.08.10"]
[Round "7"]
[White "Vigil, Lucas"]
[Black "Lo Presti, Roberto"]
[Result "0-1"]
[WhiteElo "2253"]
[BlackElo "2043"]
[PlyCount "148"]
[EventDate "2015.07.31"]
[EventType "swiss"]
[EventRounds "7"]
[EventCountry "ARG"]
[SourceTitle "EXT 2016"]
[Source "ChessBase"]
[SourceDate "2015.10.08"]
[SourceVersion "1"]
[SourceVersionDate "2015.10.08"]
[SourceQuality "1"]

1. e4 d5 2. Nf3 dxe4 3. Ng5 e5 4. Nxe4 Be7 5. Bc4 Nf6 6. Nbc3 a6 7. a4 Nc6 8. 0-0 0-0 9. Re1 Nxe4 10. Nxe4 Kh8 11. b3 f5 12. Ng3 Bf6 13. Ba3 Be7 14. Bb2 Bd6 15. Kh1 f4 16. Ne4 f3 17. gxf3 Qh4 18. Qe2 Bf5 19. Rg1 Bxe4 20. Qxe4 Rf4 21. Qd5 Raf8 22. Rg3 Nd4 23. Rag1 Nxf3 24. R1g2 g6 25. Bd3 R4f6 26. Qe4 Qh6 27. Qe3 Qg7 28. Be4 Nh4 29. Bxb7 Nxg2 30. Rxg2 a5 31. Be4 Qe7 32. Qg5 Qf7 33. f3 Qe6 34. d4 Re8 35. f4 Rxf4 36. Qxf4 exf4 37. d5+ Qe5 38. Bxe5+ Rxe5 39. Re2 Kg7 40. Kg2 Kf6 41. c4 g5 42. h3 h6 43. Kf3 Bc5 44. Kg4 Be3 45. Bg2 Kg6 46. Rc2 h5+ 47. Kf3 Kf5 48. Bf1 g4+ 49. Kg2 f3+ 50. Kg3 Bf4+ 51. Kf2 Re3 52. hxg4+ hxg4 53. Rc1 g3+ 54. Kg1 g2 55. Bxg2 fxg2 56. Rc2 Rg3 57. Rxg2 Rxg2+ 58. Kxg2 Bd6 59. Kf3 Be5 60. Ke2 Ke4 61. Kd2 Kd4 62. Kc2 Bd6 63. Kd2 Be7 64. Kc2 Kc5 65. Kb2 Kb4 66. Kc2 Ka3 67. Kc3 Ka2 68. Kd4 Kxb3 69. c5 Kxa4 70. Kc4 Bg5 71. d6 cxd6 72. c6 d5+ 73. Kxd5 Bf4 74. Kc4 Bc7 0-1

[Event "Buenos Aires U2200 1st"]
[Site "Buenos Aires"]
[Date "2015.02.15"]
[Round "3.3"]
[White "Vigil, Lucas"]
[Black "Ferreyra, Nicolas"]
[Result "1-0"]
[WhiteElo "2131"]
[BlackElo "1611"]
[PlyCount "47"]
[EventDate "2015.02.14"]
[EventType "swiss"]
[EventRounds "7"]
[EventCountry "ARG"]
[SourceTitle "EXT 2024"]
[Source "ChessBase"]
[SourceDate "2023.10.10"]
[SourceVersion "1"]
[SourceVersionDate "2023.10.10"]
[SourceQuality "1"]

1. e4 e6 2. d4 d5 3. Nd2 Nf6 4. e5 Nfd7 5. Bd3 c5 6. c3 b6 7. Ne2 Ba6 8. Bc2 f5 9. exf6 Nxf6 10. 0-0 Bd6 11. Nf3 0-0 12. Re1 Qc7 13. Ng3 Re8 14. Ng5 e5 15. Nxh7 Nbd7 16. Nxf6+ Nxf6 17. dxe5 Rxe5 18. Rxe5 Bxe5 19. Bg5 Bb7 20. Qd3 Ne4 21. Nxe4 Bxh2+ 22. Kh1 dxe4 23. Bb3+ Kf8 24. Qc4 1-0

[Event "Buenos Aires U2200 1st"]
[Site "Buenos Aires"]
[Date "2015.02.15"]
[Round "5.1"]
[White "Vigil, Lucas"]
[Black "Lagar, Valentin Alejo"]
[Result "0-1"]
[WhiteElo "2131"]
[BlackElo "2122"]
[PlyCount "106"]
[EventDate "2015.02.14"]
[EventType "swiss"]
[EventRounds "7"]
[EventCountry "ARG"]
[SourceTitle "EXT 2024"]
[Source "ChessBase"]
[SourceDate "2023.10.10"]
[SourceVersion "1"]
[SourceVersionDate "2023.10.10"]
[SourceQuality "1"]

1. d4 Nf6 2. c4 g6 3. Nc3 Bg7 4. e4 d6 5. f3 0-0 6. Bg5 c5 7. d5 e6 8. Qd2 exd5 9. cxd5 h6 10. Be3 Re8 11. Bd3 h5 12. Nge2 Nbd7 13. 0-0 a6 14. a4 Ne5 15. Rab1 Qa5 16. Nc1 Bd7 17. Be2 Rac8 18. h3 b5 19. axb5 Bxb5 20. Nxb5 Qxd2 21. Bxd2 axb5 22. Bxb5 Re7 23. Nd3 Nxd3 24. Bxd3 Nd7 25. Bg5 Bd4+ 26. Kh1 f6 27. Bf4 Ne5 28. Rfd1 Rb8 29. b3 Reb7 30. Bc2 Ra7 31. b4 Rab7 32. bxc5 Bxc5 33. Rxb7 Rxb7 34. Rb1 Ra7 35. Bg3 Ra2 36. Bb3 Re2 37. Bd1 Ra2 38. f4 Nd3 39. Bf3 Kg7 40. Kh2 Kh6 41. Rb3 Nc1 42. Rc3 Ra1 43. Rxc5 dxc5 44. d6 Ra8 45. e5 Rd8 46. Be1 Nb3 47. Bc3 Nd4 48. h4 Nxf3+ 49. gxf3 Kg7 50. Kg2 Kf7 51. Kf2 Ke6 52. Ke3 f5 53. Kd3 Ra8 0-1

[Event "Buenos Aires U2200 1st"]
[Site "Buenos Aires"]
[Date "2015.02.14"]
[Round "2.3"]
[White "Gimenez, Martin"]
[Black "Vigil, Lucas"]
[Result "0-1"]
[WhiteElo "1970"]
[BlackElo "2131"]
[PlyCount "78"]
[EventDate "2015.02.14"]
[EventType "swiss"]
[EventRounds "7"]
[EventCountry "ARG"]
[SourceTitle "EXT 2024"]
[Source "ChessBase"]
[SourceDate "2023.10.10"]
[SourceVersion "1"]
[SourceVersionDate "2023.10.10"]
[SourceQuality "1"]

1. e4 c5 2. Nc3 g6 3. g3 Nc6 4. d3 Rb8 5. Be3 b5 6. Qd2 b4 7. Nd1 d6 8. Bg2 Bg7 9. Ne2 Nf6 10. Bh6 0-0 11. Bxg7 Kxg7 12. Ne3 a5 13. f4 e5 14. 0-0 a4 15. f5 Ng8 16. Rf2 g5 17. f6+ Nxf6 18. Nf5+ Bxf5 19. exf5 Nd4 20. Qxg5+ Kh8 21. Nxd4 cxd4 22. Bc6 Rg8 23. Qh6 Ng4 24. Qd2 Nxf2 25. Qxf2 a3 26. Bd5 Qf6 27. b3 Rg5 28. Rf1 Rc8 29. Bc4 Rc5 30. Qd2 d5 31. Qxb4 Qc6 32. Qb8+ Rg8 33. Qxe5+ f6 34. Qxd4 dxc4 35. dxc4 Re5 36. Qa7 Re2 37. Rf2 Re1+ 38. Rf1 Rxf1+ 39. Kxf1 Qh1+ 0-1

[Event "ARG-ch 85th"]
[Site "Buenos Aires"]
[Date "2010.07.12"]
[Round "7"]
[White "Gaitan, Juan Manuel"]
[Black "Vigil, Lucas"]
[Result "1-0"]
[WhiteElo "2047"]
[BlackElo "2053"]
[PlyCount "93"]
[EventDate "2010.07.05"]
[EventType "swiss"]
[EventRounds "11"]
[EventCountry "ARG"]
[SourceTitle "CBM 137 Extra"]
[Source "ChessBase"]
[SourceDate "2010.09.01"]
[SourceVersion "1"]
[SourceVersionDate "2010.09.01"]
[SourceQuality "1"]

1. d4 Nf6 2. c4 c5 3. d5 d6 4. Nc3 g6 5. e4 Bg7 6. Nf3 0-0 7. Be2 a6 8. 0-0 e6 9. Qc2 exd5 10. exd5 Bf5 11. Bd3 Bxd3 12. Qxd3 Nbd7 13. Bf4 Qc7 14. h3 Rae8 15. Rfe1 Nh5 16. Bh2 Ne5 17. Nxe5 Bxe5 18. Bxe5 dxe5 19. Rad1 Nf4 20. Qe3 f5 21. d6 Qc6 22. Nd5 Nxd5 23. Rxd5 b6 24. Rxe5 Rd8 25. Re7 Qxd6 26. Qh6 Rf7 27. Rxf7 Kxf7 28. Qxh7+ Kf6 29. f4 Rd7 30. Qh8+ Rg7 31. Qh4+ Kf7 32. b3 b5 33. Re5 bxc4 34. bxc4 Qd4+ 35. Kh2 g5 36. Rxf5+ Ke6 37. Qg4 gxf4 38. Rg5+ Kf7 39. Rxg7+ Qxg7 40. Qxg7+ Kxg7 41. g4 fxg3+ 42. Kxg3 Kf6 43. Kf4 Ke6 44. Ke4 a5 45. a4 Kd6 46. h4 Ke6 47. h5 1-0

[Event "ARG-ch 85th"]
[Site "Buenos Aires"]
[Date "2010.07.08"]
[Round "4"]
[White "Vigil, Lucas"]
[Black "Mahia, Gustavo"]
[Result "0-1"]
[WhiteElo "2053"]
[BlackElo "2393"]
[PlyCount "110"]
[EventDate "2010.07.05"]
[EventType "swiss"]
[EventRounds "11"]
[EventCountry "ARG"]
[SourceTitle "CBM 137 Extra"]
[Source "ChessBase"]
[SourceDate "2010.09.01"]
[SourceVersion "1"]
[SourceVersionDate "2010.09.01"]
[SourceQuality "1"]

1. d4 e6 2. e4 d5 3. Nd2 Nf6 4. e5 Nfd7 5. Bd3 b6 6. c3 Ba6 7. Bc2 c5 8. Ne2 Nc6 9. Nf3 Rc8 10. 0-0 Qc7 11. Bb1 cxd4 12. cxd4 Nb4 13. Bg5 h6 14. Bd2 Nc2 15. Bxc2 Qxc2 16. Rc1 Qxd1 17. Rxc8+ Bxc8 18. Rxd1 Nb8 19. Rc1 Kd7 20. Kf1 Nc6 21. a3 Ba6 22. Ke1 Be7 23. Rc3 Bc4 24. Nfg1 Rc8 25. f4 a5 26. Nf3 b5 27. g4 b4 28. axb4 axb4 29. Re3 Ra8 30. b3 Bb5 31. Nc1 Ra1 32. Kf2 Rb1 33. Kg3 Ke8 34. Re1 Bd8 35. f5 Bb6 36. Be3 Rb2 37. h4 h5 38. fxe6 fxe6 39. gxh5 Ne7 40. Kf4 Nf5 41. Rg1 Rc2 42. Ng5 Nxe3 43. Nxe6 Ng2+ 44. Kg3 Kf7 45. Ng5+ Ke7 46. Rxg2 Rxc1 47. Nf3 Bd3 48. Kf4 Kf8 49. Ng5 Rc6 50. Ke3 Bc2 51. Rf2+ Kg8 52. Rf7 Rc3+ 53. Ke2 Bxd4 54. Rd7 Rc8 55. Rxd5 Bc3 0-1

[Event "ARG-ch 85th"]
[Site "Buenos Aires"]
[Date "2010.07.07"]
[Round "3"]
[White "Fabian, Gaston"]
[Black "Vigil, Lucas"]
[Result "1/2-1/2"]
[WhiteElo "2260"]
[BlackElo "2053"]
[PlyCount "94"]
[EventDate "2010.07.05"]
[EventType "swiss"]
[EventRounds "11"]
[EventCountry "ARG"]
[SourceTitle "CBM 137 Extra"]
[Source "ChessBase"]
[SourceDate "2010.09.01"]
[SourceVersion "1"]
[SourceVersionDate "2010.09.01"]
[SourceQuality "1"]

1. d4 Nf6 2. c4 c5 3. d5 e6 4. Nc3 exd5 5. cxd5 d6 6. Nf3 g6 7. Bf4 Bg7 8. Qa4+ Bd7 9. Qb3 b5 10. Bxd6 Qb6 11. Be5 0-0 12. e3 c4 13. Qd1 b4 14. Nb1 Bb5 15. Be2 Nbd7 16. Bd4 Qb7 17. d6 Rac8 18. 0-0 Rfe8 19. Nbd2 c3 20. Bxb5 Qxb5 21. bxc3 bxc3 22. Nb3 c2 23. Qd2 Ne4 24. Qa5 Qxa5 25. Nxa5 Bxd4 26. Nxd4 Rc3 27. Nac6 Kg7 28. Rfc1 Nxd6 29. Rxc2 Rxc2 30. Nxc2 Ne5 31. Nxe5 Rxe5 32. Nd4 Nb5 33. f4 Rd5 34. Nxb5 Rxb5 35. Rd1 Rb2 36. a4 Ra2 37. Rd4 h5 38. h4 Kf6 39. Kh2 Kf5 40. Kg3 Ra3 41. Kf3 Ke6 42. g3 f5 43. Ke2 Ra2+ 44. Kf3 Ra3 45. Rb4 Ra2 46. Rd4 Ra3 47. Rb4 Ra2 1/2-1/2

[Event "ARG-ch 85th"]
[Site "Buenos Aires"]
[Date "2010.07.06"]
[Round "2"]
[White "Asad, Jonathan"]
[Black "Vigil, Lucas"]
[Result "0-1"]
[WhiteElo "1702"]
[BlackElo "2053"]
[PlyCount "98"]
[EventDate "2010.07.05"]
[EventType "swiss"]
[EventRounds "11"]
[EventCountry "ARG"]
[SourceTitle "CBM 137 Extra"]
[Source "ChessBase"]
[SourceDate "2010.09.01"]
[SourceVersion "1"]
[SourceVersionDate "2010.09.01"]
[SourceQuality "1"]

1. e4 c5 2. Nf3 g6 3. d4 Bg7 4. Nc3 cxd4 5. Nxd4 Nc6 6. Nxc6 bxc6 7. Bd2 Nf6 8. Bd3 d5 9. exd5 cxd5 10. 0-0 0-0 11. Kh1 e5 12. f3 Bb7 13. Qe1 Re8 14. Qf2 a6 15. Rae1 Rc8 16. Bg5 Rc7 17. h3 d4 18. Bxf6 Bxf6 19. Ne4 Bg7 20. g4 f5 21. gxf5 gxf5 22. Ng3 e4 23. fxe4 fxe4 24. Bxe4 Qc8 25. Bxb7 Qxb7+ 26. Kh2 Rf8 27. Qe2 Qc8 28. Rxf8+ Bxf8 29. Qh5 Rxc2+ 30. Kg1 Qb7 31. Qg5+ Qg7 32. Qd5+ Kh8 33. Qf3 d3 34. Qxd3 Qxb2 35. Re2 Qa1+ 36. Kg2 Rxa2 37. Nh5 Rxe2+ 38. Qxe2 Qd4 39. Qf3 Qd2+ 40. Kh1 Qe1+ 41. Kg2 Qe7 42. Qc3+ Kg8 43. Nf6+ Kf7 44. Nxh7 Qe4+ 45. Qf3+ Qxf3+ 46. Kxf3 Be7 47. Ke4 Kg6 48. Kd5 Kxh7 49. Kc6 a5 0-1

[Event "Buenos Aires Bolivar op 2nd"]
[Site "Buenos Aires"]
[Date "2009.09.01"]
[Round "8"]
[White "Vigil, Lucas"]
[Black "Bassan, Remo"]
[Result "1-0"]
[WhiteElo "1942"]
[BlackElo "2160"]
[PlyCount "55"]
[EventDate "2009.08.24"]
[EventType "swiss"]
[EventRounds "9"]
[EventCountry "ARG"]
[SourceTitle "CBM 132 Extra"]
[Source "ChessBase"]
[SourceDate "2009.11.03"]
[SourceVersion "1"]
[SourceVersionDate "2009.11.03"]
[SourceQuality "1"]

1. d4 Nf6 2. c4 g6 3. Nc3 d5 4. Nf3 Bg7 5. Qb3 dxc4 6. Qxc4 Na6 7. e4 c5 8. Be2 cxd4 9. Qa4+ Nd7 10. Nxd4 Nac5 11. Qd1 0-0 12. Be3 Nf6 13. f3 Qa5 14. 0-0 Rd8 15. Qc2 Ng4 16. fxg4 Bxd4 17. Bxd4 Rxd4 18. Nb5 Rxe4 19. Qxc5 Rxe2 20. Qc4 Re6 21. Nc7 Rb8 22. Rad1 Rf6 23. Rd8+ Kg7 24. Ne8+ Kh8 25. Qd4 Qxd8 26. Qxd8 Rxf1+ 27. Kxf1 b6 28. Ke1 1-0